| 000 | 00513cam a2200205 4500 | ||
|---|---|---|---|
| 001 | B1627 | ||
| 008 | 090401t1983 xxu||||| |||| 00| 0 eng d | ||
| 035 | _a(Sirsi) u45504 | ||
| 041 | _aeng | ||
| 050 | _a333.337 | ||
| 110 |
_aKFR Research _92319 |
||
| 245 | _aOffice developments in the Western corridor : (August 1983) | ||
| 260 |
_aLondon _bKnight Frank and Rutley _c1983 |
||
| 300 | _a31p. : ill.,maps ; 30cm. | ||
| 350 | _a0 | ||
| 650 | _aM4 | ||
| 650 | _aOFFICES | ||
| 942 | _n0 | ||
| 948 | _c04/03/1997 | ||
| 999 |
_c91741 _d91741 |
||